LEADER 01311nam 2200337Ia 450 001 996396391903316 005 20200824124900.0 035 $a(CKB)4330000000355613 035 $a(EEBO)2240898070 035 $a(OCoLC)ocm11724785e 035 $a(OCoLC)11724785 035 $a(EXLCZ)994330000000355613 100 $a19850222d1676 uy | 101 0 $aeng 135 $aurbn||||a|bb| 200 14$aThe new disease, or, A rational account of the great colds and couhgs [sic] now raging amongst us$b[electronic resource] $eshewing the true causes of the said distempers, and approved remedies for their speedy cure : together with the author's solemn invitation to all that shall escape those maladies, to come and dine with him Christmas next /$fby J.L. student in physick and astrology 210 $aLondon $cPrinted for W.T.$d1676 215 $a7 p 300 $aReproduction of original in Harvard University Library. 330 $aeebo-0062 606 $aMedicine$vEarly works to 1800 615 0$aMedicine 700 $aJ. L$01002880 801 0$bEAJ 801 1$bEAJ 801 2$bUMI 801 2$bWaOLN 906 $aBOOK 912 $a996396391903316 996 $aThe new disease, or, A rational account of the great colds and couhgs now raging amongst us$92352152 997 $aUNISA LEADER 03275oam 2200745M 450 001 9910789655503321 005 20230814231851.0 010 $a0-429-92308-2 010 $a0-429-90885-7 010 $a0-429-48408-9 010 $a1-283-24911-1 010 $a9786613249111 010 $a1-84940-456-9 024 7 $a10.4324/9780429484087 035 $a(CKB)2670000000113519 035 $a(EBL)764963 035 $a(OCoLC)748242034 035 $a(SSID)ssj0000542005 035 $a(PQKBManifestationID)12160256 035 $a(PQKBTitleCode)TC0000542005 035 $a(PQKBWorkID)10509421 035 $a(PQKB)11147633 035 $a(MiAaPQ)EBC764963 035 $a(Au-PeEL)EBL764963 035 $a(CaPaEBR)ebr10495794 035 $a(CaONFJC)MIL324911 035 $a(OCoLC)55138816 035 $a(OCoLC)1053851626 035 $a(OCoLC-P)1053851626 035 $a(FlBoTFG)9780429484087 035 $a(EXLCZ)992670000000113519 100 $a20180608d2018 my 0 101 0 $aeng 135 $aur||||||||||| 181 $ctxt 182 $cc 183 $acr 200 10$aTouch $eattachment and the body : the John Bowlby Memorial Conference monograph, 2003 /$fedited by Kate White 210 1$a[Place of publication not identified] :$cRoutledge,$d2018. 215 $a1 online resource (103 p.) 300 $aAt head of title: Centre for Attachment-based Psychoanalytic Psychotherapy. 311 $a0-367-32931-X 311 $a1-85575-361-8 320 $aIncludes bibliographical references. 327 $aCOVER; CONTRIBUTORS; ACKNOWLEDGEMENTS; FOREWORD; ATTACHMENT THEORY AND THE BOWLBY MEMORIAL LECTURE-A SHORT HISTORY; INTRODUCTION TO THE JOHN BOWLBY MEMORIAL CONFERENCE 2003. TOUCH: ATTACHMENT AND THE BODY; INTIMATE CONTACT FROM BIRTH; THE JOHN BOWLBY MEMORIAL LECTURE THE BODY IN CLINICAL PRACTICE, PART ONE:THERE'S NO SUCH THING AS A BODY; THE JOHN BOWLBY MEMORIAL LECTURE THE BODY IN CLINICAL PRACTICE, PART TWO:WHEN TOUCH COMES TO THERAPY; TOUCH AND THE IMPACT OF TRAUMA IN THERAPEUTIC RELATIONSHIPS WITH ADULTS; APPENDICES 330 3 $aDrawn from the Bowlby Memorial Lecture, founded in commemoration of the influential Dr John Bowlby, this volume explores issues of the body and the historically taboo subject of touch in psychoanalysis. It includes contributions from a wide range of professional backgrounds, including two papers presented by pioneering analyst Susie Orbach.Contributors: Anne Aiyegbusi; Brett Kahr; Bernice Laschinger; Susie Orbach; Margot Sutherland; Colwyn Trevarthen; and Kate White. 606 $aTouch$xTherapeutic use$vCongresses 606 $aTouch$xPsychological aspects$vCongresses 606 $aHuman body$vCongresses 606 $aPsychotherapy$vCongresses 615 0$aTouch$xTherapeutic use 615 0$aTouch$xPsychological aspects 615 0$aHuman body 615 0$aPsychotherapy 676 $a615.8/22 701 $aWhite$b Kate$f1949-$01463120 701 $aBowlby$b John$0155532 712 02$aCentre for Attachment-based Psychoanalytic Psychotherapy. 712 12$aJohn Bowlby Memorial Conference 801 0$bOCoLC-P 801 1$bOCoLC-P 906 $aBOOK 912 $a9910789655503321 996 $aTouch$93739116 997 $aUNINA LEADER 02459oam 2200565zu 450 001 9910789313703321 005 20210731015146.0 035 $a(CKB)3460000000128163 035 $a(SSID)ssj0000820865 035 $a(PQKBManifestationID)11524074 035 $a(PQKBTitleCode)TC0000820865 035 $a(PQKBWorkID)10881789 035 $a(PQKB)10384415 035 $a(StDuBDS)EDZ0000115784 035 $a(MiAaPQ)EBC5745565 035 $a(EXLCZ)993460000000128163 100 $a20160829d2013 uy 101 0 $aeng 135 $aur||||||||||| 181 $ctxt 182 $cc 183 $acr 200 14$aThe allure of decadent thinking : religious studies and the challenge of postmodernism 210 $aNew York $cOxford University Press$d2013 215 $a1 online resource 300 $aBibliographic Level Mode of Issuance: Monograph 311 $a0-19-995983-8 311 $a0-19-931597-3 320 $aIncludes bibliographical references and index. 327 $aIntroduction -- Eroticism, violence, and sacrifice -- Excess, time, and the pure gift -- Genealogy, power, and discourse -- Hermeneutics, comparison, and difference -- The problematic nature of representational thinking -- Responding to the postmodern challenge. 330 8 $aThe use of postmodern thought to approach the study of religion threatens to call into question the values and representational mode of thinking typical of the field. Religious studies with a radical scepticism grounded in an embrace of decadence by postmodern thinkers has the potential to undermine, subvert, and distort the study of religion, making it difficult to understand the subject if such an approach is uncritically adopted by scholars seeking new ways to study it. 606 $aReligion$xMethodology 606 $aReligion$xStudy and teaching 606 $aPostmodernism 606 $aReligion$2HILCC 606 $aPhilosophy & Religion$2HILCC 606 $aReligion - General$2HILCC 615 0$aReligion$xMethodology 615 0$aReligion$xStudy and teaching 615 0$aPostmodernism 615 7$aReligion 615 7$aPhilosophy & Religion 615 7$aReligion - General 676 $a200.72 700 $aOlson$b Carl$0614704 801 0$bPQKB 906 $aBOOK 912 $a9910789313703321 996 $aThe allure of decadent thinking : religious studies and the challenge of postmodernism$93747643 997 $aUNINA